EMPLOYMENTS GUIDE TO LABOUR LAW (Record no. 540944)

MARC details
000 -LEADER
fixed length control field 00379pam a2200157a 44500
008 - FIXED-LENGTH DATA ELEMENTS--GENERAL INFORMATION
fixed length control field 230515b1984 xxu||||| |||| 00| 0 eng d
020 ## - INTERNATIONAL STANDARD BOOK NUMBER
International Standard Book Number NULL
041 ## - LANGUAGE CODE
Language code of text/sound track or separate title ENGLISH
082 ## - DEWEY DECIMAL CLASSIFICATION NUMBER
Classification number 344.1/SAM
100 ## - MAIN ENTRY--PERSONAL NAME
Personal name SAMANT
245 ## - TITLE STATEMENT
Title EMPLOYMENTS GUIDE TO LABOUR LAW
250 ## - EDITION STATEMENT
Edition statement 0
260 ## - PUBLICATION, DISTRIBUTION, ETC.
Place of publication, distribution, etc. NEW DELHI
Name of publisher, distributor, etc. DGESIC
Date of publication, distribution, etc. 1984
300 ## - PHYSICAL DESCRIPTION
Extent NULL
650 ## - SUBJECT ADDED ENTRY--TOPICAL TERM
Topical term or geographic name entry element EMPLOYMENTS GUIDE TO LABOUR LAW
Holdings
Withdrawn status Lost status Damaged status Not for loan Home library Current library Shelving location Date acquired Source of acquisition Cost, normal purchase price Total Checkouts Full call number Barcode Date last seen Price effective from Koha item type
        Social Science Centre (MSW), Pune Social Science Centre (MSW), Pune   10/10/2009 NULL 1.00   344.1/SAM MSP-SC-5583 28/06/2023 28/06/2023 Book